000 00788cpcaa2200241 a 4500
001 mm 79001781
003 DLC
005 20260227111638.0
008 791120|||||||||||| eng
010 _amm 79001781
040 _aDLC
_cDLC
_edacs
_dDLC
072 7 _aL
_2lcmd
100 1 _aSmith, Robert Pearsall,
_d1827-1898.
245 0 0 _aRobert Pearsall Smith note,
_f1875.
300 _a1
_fitem.
506 0 _aOpen to research.
520 8 _aNote of regret to an unknown recipient.
545 0 _aClergyman.
546 _aCollection material in English.
580 _aForms part of: Miscellaneous Manuscripts collection.
656 7 _aClergy.
_2itoamc
999 _c40934
_d40934